[Event "Vic Primavera op 1st"]
[Site "Vic"]
[Date "2022.04.22"]
[Round "1"]
[White "Ferrer Fargas, Jordi"]
[Black "Urena Casacuberta, Lluis"]
[Result "0-1"]
[WhiteElo "1544"]
[BlackElo "1901"]
[PlyCount "32"]
[EventDate "2022.04.22"]
[EventType "swiss"]
[EventRounds "8"]
[EventCountry "ESP"]
[SourceTitle "EXT 2023"]
[Source "ChessBase"]
[SourceDate "2022.10.05"]
[SourceVersion "1"]
[SourceVersionDate "2022.10.05"]
[SourceQuality "1"]

1. Nf3 Nf6 2. g3 g6 3. Bg2 Bg7 4. 0-0 0-0 5. d3 d5 6. Nbd2 c5 7. e4 Nc6 8. Re1 dxe4 9. dxe4 Bg4 10. c3 Ne5 11. Qc2 Qd3 12. Qxd3 Nxd3 13. Re3 Rfd8 14. Ne1 Nxc1 15. Ndf3 Rd1 16. h3 Bxf3 0-1

[Event "Moia op 4th"]
[Site "Moia"]
[Date "2015.10.16"]
[Round "5"]
[White "Ferrer Fargas, Jordi"]
[Black "Benet Saniger, Xavier"]
[Result "0-1"]
[WhiteElo "1929"]
[BlackElo "1986"]
[PlyCount "100"]
[EventDate "2015.09.18"]
[EventType "swiss"]
[EventRounds "8"]
[EventCountry "ESP"]
[SourceTitle "EXT 2017"]
[Source "ChessBase"]
[SourceDate "2016.10.25"]
[SourceVersion "1"]
[SourceVersionDate "2016.10.25"]
[SourceQuality "1"]

1. e4 d5 2. exd5 Nf6 3. d4 Nxd5 4. Nf3 Bg4 5. g3 g6 6. Bg2 Bg7 7. 0-0 0-0 8. c3 Nc6 9. Nbd2 e5 10. dxe5 Nxe5 11. Qb3 Nxf3+ 12. Nxf3 Nb6 13. Bg5 Qd5 14. Qxd5 Nxd5 15. Rfe1 h6 16. Be3 Nxe3 17. Rxe3 Rfe8 18. Ree1 Kf8 19. h3 Be6 20. Nd4 Bxd4 21. cxd4 c6 22. b3 Rad8 23. Rad1 Rd6 24. Rd2 Red8 25. Red1 R8d7 26. Kf1 Bd5 27. g4 c5 28. f3 Bc6 29. d5 Rxd5 30. Rxd5 Rxd5 31. Rxd5 Bxd5 32. Kf2 Ke7 33. Bf1 a6 34. Ke3 Kd6 35. Be2 b5 36. Bd1 a5 37. Be2 Bc6 38. Bd3 g5 39. f4 f6 40. fxg5 hxg5 41. Kf2 Kd5 42. Ke3 c4 43. bxc4+ bxc4 44. Be4+ Kc5 45. Bxc6 Kxc6 46. Kd4 Kb5 47. Kc3 Kc5 48. a4 Kd5 49. Kc2 Kd4 50. Kd2 c3+ 0-1

[Event "Moia op 4th"]
[Site "Moia"]
[Date "2015.10.02"]
[Round "3"]
[White "Ferrer Fargas, Jordi"]
[Black "Marso Anglada, Oriol"]
[Result "0-1"]
[WhiteElo "1929"]
[BlackElo "1791"]
[PlyCount "90"]
[EventDate "2015.09.18"]
[EventType "swiss"]
[EventRounds "8"]
[EventCountry "ESP"]
[SourceTitle "EXT 2017"]
[Source "ChessBase"]
[SourceDate "2016.10.25"]
[SourceVersion "1"]
[SourceVersionDate "2016.10.25"]
[SourceQuality "1"]

1. e4 e6 2. d4 b6 3. Nc3 Bb7 4. Nf3 Bb4 5. Bd3 Ne7 6. a3 Bxc3+ 7. bxc3 d6 8. c4 Nd7 9. Bf4 Ng6 10. Bg3 0-0 11. 0-0 h6 12. Nd2 e5 13. d5 Bc8 14. Nb3 a5 15. a4 Nf6 16. f4 exf4 17. Bxf4 Ng4 18. Be2 Qh4 19. Bg3 Qg5 20. Bf4 Nxf4 21. h4 Qxh4 22. Bxg4 Qg5 23. Qf3 Bxg4 24. Qxf4 Qxf4 25. Rxf4 h5 26. Nd4 Bd7 27. Nb5 Bxb5 28. cxb5 Rae8 29. Kf2 g5 30. Rf5 f6 31. Kf3 Re5 32. g3 Kg7 33. Rf1 Rxf5+ 34. exf5 Re8 35. Rh1 Kh6 36. g4 h4 37. Rh2 Kg7 38. Re2 Re5 39. c4 Kf7 40. Kf2 Ke7 41. Kf3 Kd7 42. Kf2 h3 43. Rxe5 dxe5 44. Kg3 Kd6 45. Kxh3 Kc5 0-1

[Event "Moia op 4th"]
[Site "Moia"]
[Date "2015.09.18"]
[Round "1"]
[White "Ferrer Fargas, Jordi"]
[Black "Ramirez Rosich, Pere"]
[Result "0-1"]
[WhiteElo "1929"]
[BlackElo "1717"]
[PlyCount "46"]
[EventDate "2015.09.18"]
[EventType "swiss"]
[EventRounds "8"]
[EventCountry "ESP"]
[SourceTitle "EXT 2017"]
[Source "ChessBase"]
[SourceDate "2016.10.25"]
[SourceVersion "1"]
[SourceVersionDate "2016.10.25"]
[SourceQuality "1"]

1. e4 c5 2. Nf3 d6 3. d4 cxd4 4. Nxd4 Nc6 5. Nc3 e5 6. Nb3 a6 7. Be3 Nf6 8. f3 Be6 9. Qd2 Be7 10. g4 0-0 11. h4 d5 12. g5 d4 13. gxf6 dxe3 14. Qxd8 Bxd8 15. fxg7 Kxg7 16. Nc5 Nd4 17. 0-0-0 b5 18. Nxe6+ fxe6 19. Rd3 Rxf3 20. Ne2 Bb6 21. c3 Raf8 22. Rg1+ Kh8 23. Ng3 Rxg3 0-1

[Event "Vall del Tenes op 4th"]
[Site "Santa Eulalia de Roncana"]
[Date "2015.05.29"]
[Round "7"]
[White "Ferrer Fargas, Jordi"]
[Black "Argemi Camp, Jaume"]
[Result "1-0"]
[WhiteElo "1938"]
[BlackElo "1845"]
[PlyCount "96"]
[EventDate "2015.04.10"]
[EventType "swiss"]
[EventRounds "8"]
[EventCountry "ESP"]
[SourceTitle "CBM 166 Extra"]
[Source "ChessBase"]
[SourceDate "2015.06.18"]
[SourceVersion "1"]
[SourceVersionDate "2015.06.18"]
[SourceQuality "1"]

1. e4 e5 2. d4 exd4 3. Qxd4 Qf6 4. e5 Qg6 5. Nc3 d6 6. exd6 Qxd6 7. Qa4+ c6 8. Qb3 g6 9. Bc4 Qe7+ 10. Nge2 Nd7 11. Be3 Ne5 12. Bd4 Bg7 13. 0-0-0 b5 14. Nxb5 cxb5 15. Bxb5+ Kf8 16. f4 Be6 17. Qc3 Rc8 18. Qa5 Ng4 19. h3 Bxd4 20. Rxd4 Ne3 21. Nc3 Nf6 22. g4 Kg7 23. Re1 Ng2 24. Re2 Qc5 25. Qa4 Nh4 26. f5 Bd5 27. g5 Ne4 28. Nxe4 Bxe4 29. f6+ Kf8 30. Rdxe4 Qg1+ 31. Re1 Qxg5+ 32. Kb1 Qxf6 33. Rxh4 Qf2 34. Rhe4 Kg7 35. Qd4+ Qxd4 36. Rxd4 Rc5 37. Bc4 Rf5 38. Rd7 Rf3 39. Rxa7 Rf8 40. Rf1 Re8 41. Rxf7+ Rxf7 42. Rxf7+ Kh6 43. b3 Re3 44. Bf1 Kg5 45. a4 h5 46. a5 h4 47. a6 Re2 48. Bxe2 Kh6 1-0

[Event "Vall del Tenes op 4th"]
[Site "Santa Eulalia de Roncana"]
[Date "2015.05.15"]
[Round "5"]
[White "Ferrer Fargas, Jordi"]
[Black "Lucena Perianez, Jordi"]
[Result "0-1"]
[WhiteElo "1938"]
[BlackElo "1828"]
[PlyCount "160"]
[EventDate "2015.04.10"]
[EventType "swiss"]
[EventRounds "8"]
[EventCountry "ESP"]
[SourceTitle "CBM 166 Extra"]
[Source "ChessBase"]
[SourceDate "2015.06.18"]
[SourceVersion "1"]
[SourceVersionDate "2015.06.18"]
[SourceQuality "1"]

1. e4 c5 2. Nf3 d6 3. d4 cxd4 4. Nxd4 Nf6 5. Nc3 a6 6. Be3 g6 7. f3 Bg7 8. Qd2 Nc6 9. g4 Nxd4 10. Bxd4 Qa5 11. h4 Bxg4 12. Bxf6 Bxf6 13. fxg4 Qb4 14. 0-0-0 Rc8 15. Rh3 0-0 16. g5 Be5 17. Qd3 e6 18. a3 Qb6 19. Be2 Rc7 20. Bg4 Rd8 21. Qf3 Rdc8 22. Rd3 Rxc3 23. Rxc3 Qg1+ 24. Qd1 Qxd1+ 25. Kxd1 Bxc3 26. bxc3 Rc4 27. Be2 Rxe4 28. h5 Ra4 29. hxg6 hxg6 30. c4 Ra5 31. Rg3 Rf5 32. Kd2 Kf8 33. Kc3 Ke7 34. Kb4 Rc5 35. a4 a5+ 36. Kc3 b6 37. Bd3 Re5 38. Rg4 Re1 39. Be4 Re3+ 40. Kd2 Ra3 41. Bc6 e5 42. c3 Ke6 43. Kd3 Ra1 44. Rg2 Rf1 45. Ke2 Rf4 46. Kd3 Ke7 47. Rg3 Kd8 48. Bd5 Ke7 49. Rf3 Rxf3+ 50. Bxf3 f5 51. gxf6+ Kxf6 52. Ke4 Kg5 53. Kd5 Kf4 54. Bh1 g5 55. Kxd6 e4 56. Bg2 e3 57. Bf1 g4 58. Kc6 Kf3 59. Kxb6 e2 60. Bxe2+ Kxe2 61. Kb7 g3 62. c5 g2 63. c6 g1Q 64. c7 Qg2+ 65. Kb8 Qg3 66. Kb7 Qf3+ 67. Kb8 Qf4 68. Kb7 Qe4+ 69. Kb8 Qe5 70. Kb7 Qd5+ 71. Kb8 Qb3+ 72. Ka7 Qxc3 73. Kb7 Qb4+ 74. Ka8 Qc5 75. Kb7 Kd3 76. c8Q Qxc8+ 77. Kxc8 Kc4 78. Kb7 Kb4 79. Kc6 Kxa4 80. Kc5 Kb3 0-1

[Event "Vall del Tenes op 4th"]
[Site "Santa Eulalia de Roncana"]
[Date "2015.04.17"]
[Round "2"]
[White "Fernandez Perez, Josep"]
[Black "Ferrer Fargas, Jordi"]
[Result "1-0"]
[WhiteElo "2149"]
[BlackElo "1938"]
[PlyCount "117"]
[EventDate "2015.04.10"]
[EventType "swiss"]
[EventRounds "8"]
[EventCountry "ESP"]
[SourceTitle "CBM 166 Extra"]
[Source "ChessBase"]
[SourceDate "2015.06.18"]
[SourceVersion "1"]
[SourceVersionDate "2015.06.18"]
[SourceQuality "1"]

1. e4 c5 2. Nf3 d6 3. d4 cxd4 4. Nxd4 Nf6 5. Nc3 a6 6. f3 e5 7. Nb3 Be6 8. Be3 Be7 9. Qd2 0-0 10. 0-0-0 Nbd7 11. g4 b5 12. h4 b4 13. Nd5 Bxd5 14. exd5 a5 15. Kb1 Nb6 16. Bxb6 Qxb6 17. h5 a4 18. Nc1 Nd7 19. g5 f5 20. gxf6 Rxf6 21. Bh3 Nc5 22. Qe3 Qb7 23. Rhg1 Raf8 24. Rg3 Bd8 25. Bg4 Bb6 26. Qd2 Ba7 27. Rdg1 R8f7 28. R1g2 e4 29. Qe2 Qxd5 30. Qb5 exf3 31. Rf2 b3 32. axb3 axb3 33. Nxb3 Qd1+ 34. Nc1 Rf8 35. Rf1 Qd4 36. Qa5 Rb8 37. Qa2+ d5 38. Nb3 Nxb3 39. Bxf3 Nd2+ 40. Kc1 Nxf1 41. Bxd5+ Kh8 42. Rd3 Qe3+ 43. Rxe3 Bxe3+ 44. Kd1 Rd8 45. c4 Bc5 46. Qa5 Ne3+ 47. Ke2 Re8 48. Kd3 Bb6 49. Qb5 Re7 50. b4 Nxd5 51. Qxd5 Rf8 52. Qc6 Re3+ 53. Kd2 Rd8+ 54. Kc2 Re2+ 55. Kb3 Bd4 56. c5 Rb8 57. Kc4 Bf6 58. h6 g5 59. Qxf6+ 1-0

[Event "Moia op 3rd"]
[Site "Moia"]
[Date "2014.10.03"]
[Round "3"]
[White "Ferrer Fargas, Jordi"]
[Black "Clavel Oliveras, Guillem"]
[Result "1-0"]
[WhiteElo "1916"]
[BlackElo "1816"]
[PlyCount "49"]
[EventDate "2014.09.19"]
[EventType "swiss"]
[EventRounds "8"]
[EventCountry "ESP"]
[SourceTitle "EXT 2016"]
[Source "ChessBase"]
[SourceDate "2015.10.08"]
[SourceVersion "1"]
[SourceVersionDate "2015.10.08"]
[SourceQuality "1"]

1. Nf3 d5 2. g3 Nf6 3. Bg2 Bf5 4. b3 Nc6 5. Bb2 e6 6. d3 Bd6 7. Nbd2 0-0 8. e3 Re8 9. Nh4 Bg6 10. Nxg6 fxg6 11. 0-0 Rf8 12. c4 Ne7 13. Rc1 c6 14. Qe2 a5 15. e4 Bc7 16. Rfe1 d4 17. e5 Ne8 18. c5 a4 19. b4 Rf5 20. Nf3 a3 21. Ba1 Nd5 22. Bxd4 Nxb4 23. Bh3 Rxf3 24. Qxf3 Qxd4 25. Bxe6+ 1-0

[Event "Moia op 3rd"]
[Site "Moia"]
[Date "2014.09.19"]
[Round "1"]
[White "Ferrer Fargas, Jordi"]
[Black "Perez Ronquillo, Santi"]
[Result "1-0"]
[WhiteElo "1916"]
[BlackElo "1711"]
[PlyCount "66"]
[EventDate "2014.09.19"]
[EventType "swiss"]
[EventRounds "8"]
[EventCountry "ESP"]
[SourceTitle "EXT 2016"]
[Source "ChessBase"]
[SourceDate "2015.10.08"]
[SourceVersion "1"]
[SourceVersionDate "2015.10.08"]
[SourceQuality "1"]

1. e4 c6 2. d4 d5 3. f3 e6 4. Bf4 Be7 5. Bd3 c5 6. c3 Nc6 7. Ne2 Qb6 8. b3 cxd4 9. Nxd4 e5 10. Nxc6 Bh4+ 11. Bg3 Bxg3+ 12. hxg3 Qxc6 13. a4 a6 14. exd5 Qf6 15. g4 Ne7 16. Be4 0-0 17. Bxh7+ Kh8 18. d6 g6 19. dxe7 Qxe7 20. Bxg6+ Kg7 21. Be4 Be6 22. Rh7+ Kg8 23. Qd2 Qf6 24. g5 Qf4 25. Kf2 Bf5 26. Qxf4 exf4 27. Bxf5 Rfe8 28. Nd2 Re3 29. Rah1 Kf8 30. Rh8+ Ke7 31. Rxa8 Rxc3 32. Re1+ Kd6 33. Ne4+ Kc6 1-0

[Event "Vall del Tenes op 3rd"]
[Site "Santa Eulalia de Roncana"]
[Date "2014.06.06"]
[Round "7"]
[White "Ferrer Fargas, Jordi"]
[Black "Alonso Rodriguez, Francisco Javier"]
[Result "1-0"]
[WhiteElo "1877"]
[BlackElo "1820"]
[PlyCount "49"]
[EventDate "2014.04.25"]
[EventType "swiss"]
[EventRounds "8"]
[EventCountry "ESP"]
[SourceTitle "CBM 160 Extra"]
[Source "ChessBase"]
[SourceDate "2014.07.01"]
[SourceVersion "1"]
[SourceVersionDate "2014.07.01"]
[SourceQuality "1"]

1. e4 c5 2. Nf3 Nc6 3. d4 cxd4 4. Nxd4 g6 5. c4 Bg7 6. Nc2 Nf6 7. f3 0-0 8. Nc3 d6 9. Be3 Nd7 10. Qd2 Nc5 11. Rd1 Be6 12. Be2 Ne5 13. b3 f5 14. Nd4 Qd7 15. f4 Ng4 16. Bxg4 fxg4 17. 0-0 Bf7 18. f5 gxf5 19. Nxf5 Qe6 20. Nxg7 Kxg7 21. Bd4+ Kg8 22. Qg5+ Qg6 23. Qxe7 Rae8 24. Qf6 Nxe4 25. Qh8# 1-0

[Event "Vall del Tenes op 3rd"]
[Site "Santa Eulalia de Roncana"]
[Date "2014.05.09"]
[Round "3"]
[White "Ferrer Fargas, Jordi"]
[Black "Bouzas Arcos, Juan Manuel"]
[Result "1-0"]
[WhiteElo "1877"]
[BlackElo "2012"]
[PlyCount "85"]
[EventDate "2014.04.25"]
[EventType "swiss"]
[EventRounds "8"]
[EventCountry "ESP"]
[SourceTitle "CBM 160 Extra"]
[Source "ChessBase"]
[SourceDate "2014.07.01"]
[SourceVersion "1"]
[SourceVersionDate "2014.07.01"]
[SourceQuality "1"]

1. e4 c5 2. Nf3 e6 3. d4 cxd4 4. Nxd4 Nf6 5. Nc3 d6 6. Be3 a6 7. Qd2 b5 8. f3 Bb7 9. g4 Be7 10. h4 Nfd7 11. Qf2 Nc6 12. 0-0-0 Rc8 13. Kb1 Nce5 14. Bf4 Nc4 15. Nb3 Qc7 16. Bxc4 bxc4 17. Nd2 Bf6 18. Qe3 Nb6 19. Nf1 Rd8 20. Rh2 0-0 21. Rhd2 Be7 22. h5 Qc6 23. g5 Rfe8 24. g6 d5 25. gxf7+ Kxf7 26. Be5 Bf6 27. Bxf6 gxf6 28. Qh6 Rh8 29. Rg2 Rdg8 30. Rxg8 Rxg8 31. Qxh7+ Rg7 32. Qh6 d4 33. Rxd4 Qc5 34. Qe3 Qxh5 35. Rd6 Qh1 36. Qxb6 Qxf1+ 37. Rd1 Qxf3 38. Qxb7+ Kg8 39. Qc8+ Kh7 40. Qxe6 Qg2 41. Qf5+ Kh6 42. Qxf6+ Rg6 43. Qh4+ 1-0

[Event "Vall del Tenes op 3rd"]
[Site "Santa Eulalia de Roncana"]
[Date "2014.04.25"]
[Round "1"]
[White "Ferrer Fargas, Jordi"]
[Black "Herms Agullo, Jordi"]
[Result "0-1"]
[WhiteElo "1877"]
[BlackElo "2236"]
[PlyCount "58"]
[EventDate "2014.04.25"]
[EventType "swiss"]
[EventRounds "8"]
[EventCountry "ESP"]
[SourceTitle "CBM 160 Extra"]
[Source "ChessBase"]
[SourceDate "2014.07.01"]
[SourceVersion "1"]
[SourceVersionDate "2014.07.01"]
[SourceQuality "1"]

1. e4 d5 2. exd5 Nf6 3. d4 Bg4 4. Be2 Bxe2 5. Nxe2 Qxd5 6. 0-0 Nc6 7. Qd3 0-0-0 8. c4 Qh5 9. Nbc3 e6 10. Nf4 Qa5 11. Nce2 Qa6 12. Be3 Rd7 13. c5 Qxd3 14. Nxd3 Ng4 15. h3 Nxe3 16. fxe3 e5 17. b4 exd4 18. b5 dxe3 19. bxc6 Rxd3 20. cxb7+ Kxb7 21. Rab1+ Kc8 22. c6 Rd2 23. Rb7 Bc5 24. Rxf7 Bb6 25. a4 a5 26. Rf5 Rxe2 27. Rxa5 Bxa5 28. Ra7 Re1+ 29. Kh2 Rb1 0-1

[Event "Moia op 2nd"]
[Site "Moia"]
[Date "2013.10.25"]
[Round "6"]
[White "Ferrer Fargas, Jordi"]
[Black "Crusats Mir, Josep"]
[Result "0-1"]
[WhiteElo "1745"]
[BlackElo "1829"]
[PlyCount "182"]
[EventDate "2013.09.20"]
[EventType "swiss"]
[EventRounds "8"]
[EventCountry "ESP"]
[SourceTitle "EXT 2015"]
[Source "ChessBase"]
[SourceDate "2014.11.20"]
[SourceVersion "1"]
[SourceVersionDate "2014.11.20"]
[SourceQuality "1"]

1. e4 e5 2. f4 d6 3. Nf3 Bg4 4. h3 Bxf3 5. Qxf3 Qh4+ 6. g3 Qd8 7. Bc4 Nc6 8. d3 Nd4 9. Qf2 Qd7 10. fxe5 dxe5 11. Rf1 f6 12. c3 Nc6 13. g4 Na5 14. Bd5 c6 15. Bxg8 Rxg8 16. Qe2 c5 17. Be3 0-0-0 18. Kd2 Nc4+ 19. Kc2 Nxb2 20. Kxb2 Qxd3 21. Qxd3 Rxd3 22. Re1 Be7 23. Nd2 Rgd8 24. Kc2 b5 25. c4 b4 26. Nb3 Rc3+ 27. Kb2 Rxc4 28. Rac1 Rxc1 29. Rxc1 Rd3 30. Bxc5 Bxc5 31. Rxc5+ Kd7 32. Ra5 Rxh3 33. Rxa7+ Ke8 34. Rxg7 Kf8 35. Rb7 Rh2+ 36. Kb1 Rh4 37. Nc5 Kg8 38. Rxb4 Rxg4 39. a4 h5 40. Rb2 h4 41. Rh2 Kf7 42. a5 Ke7 43. a6 Kd6 44. a7 Rg8 45. Ra2 Ra8 46. Nd3 h3 47. Nf2 h2 48. Kc2 Kc7 49. Kd3 Kb7 50. Kc4 Rc8+ 51. Kd5 Ka8 52. Ra1 Rc2 53. Ng4 Rg2 54. Nxh2 Rxh2 55. Rf1 Rh6 56. Ke6 Rh4 57. Kf5 Kxa7 58. Re1 Rf4+ 59. Ke6 Kb6 60. Kd5 Kb5 61. Rb1+ Ka4 62. Rb6 Ka5 63. Rb8 Rf1 64. Kc5 Rc1+ 65. Kd5 Rd1+ 66. Kc5 Ka4 67. Kc4 Rd4+ 68. Kc5 Rxe4 69. Kd5 Rb4 70. Rf8 Rb6 71. Ke4 Kb4 72. Rc8 Kb5 73. Kd5 Ka4 74. Kc4 Rb4+ 75. Kc3 Rf4 76. Rb8 f5 77. Kd3 Rb4 78. Re8 e4+ 79. Kc3 Rb3+ 80. Kc4 Ka3 81. Rf8 Rf3 82. Rb8 f4 83. Kd4 e3 84. Kd3 Rf2 85. Kc3 Ka2 86. Ra8+ Kb1 87. Rb8+ Kc1 88. Ra8 Kd1 89. Kd3 Rd2+ 90. Ke4 e2 91. Ra1+ Kc2 0-1

[Event "Moia op 2nd"]
[Site "Moia"]
[Date "2013.09.20"]
[Round "1"]
[White "Carrera Font, Daniel"]
[Black "Ferrer Fargas, Jordi"]
[Result "0-1"]
[WhiteElo "1700"]
[BlackElo "1745"]
[PlyCount "72"]
[EventDate "2013.09.20"]
[EventType "swiss"]
[EventRounds "8"]
[EventCountry "ESP"]
[SourceTitle "EXT 2015"]
[Source "ChessBase"]
[SourceDate "2014.11.20"]
[SourceVersion "1"]
[SourceVersionDate "2014.11.20"]
[SourceQuality "1"]

1. d4 Nf6 2. c4 c5 3. Nf3 g6 4. Nc3 cxd4 5. Nxd4 Bg7 6. g3 Nc6 7. e3 d6 8. Bg2 Bd7 9. 0-0 0-0 10. Nde2 Rb8 11. a3 Qc8 12. b3 Bh3 13. Bb2 Bxg2 14. Kxg2 Ne5 15. Nf4 Qc6+ 16. f3 e6 17. Nb5 Rfd8 18. Bd4 a6 19. Nc3 Ned7 20. Bxf6 Bxf6 21. Rc1 Nc5 22. Nce2 Bb2 23. Rc2 Bxa3 24. Qb1 Bb4 25. e4 b5 26. Nd4 Qd7 27. Nh3 e5 28. Ne2 bxc4 29. Rxc4 a5 30. Nf2 Bd2 31. Nc1 Bxc1 32. Qxc1 Rxb3 33. Ng4 Qe6 34. Qg5 Rdb8 35. Rd1 Rb2+ 36. Kh3 h5 0-1

[Event "Moia op 1st"]
[Site "Moia"]
[Date "2013.07.07"]
[Round "8"]
[White "Ferrer Fargas, Jordi"]
[Black "Arcusa Postils, Eduard"]
[Result "1/2-1/2"]
[WhiteElo "1749"]
[BlackElo "1600"]
[PlyCount "110"]
[EventDate "2013.05.19"]
[EventType "swiss"]
[EventRounds "8"]
[EventCountry "ESP"]
[SourceTitle "EXT 2014"]
[Source "ChessBase"]
[SourceDate "2013.11.20"]
[SourceVersion "1"]
[SourceVersionDate "2013.11.20"]
[SourceQuality "1"]

1. e4 d5 2. exd5 Qxd5 3. Nc3 Qa5 4. d4 c6 5. Nf3 Nf6 6. Bc4 Bf5 7. 0-0 e6 8. Re1 Be7 9. Ne5 Nbd7 10. Bd2 Qc7 11. Bf4 Bd6 12. Qf3 Nb6 13. Bb3 0-0 14. Qg3 Nh5 15. Qg5 Nxf4 16. Qxf4 Bg6 17. Qg4 Bxe5 18. dxe5 Rad8 19. Ne4 Bxe4 20. Qxe4 Rd2 21. c4 Rfd8 22. Bc2 g6 23. b3 R8d4 24. Qe3 Qd8 25. Rac1 Nc8 26. Bb1 Rb2 27. Qc3 Rdd2 28. Bc2 Rxa2 29. Red1 Rxd1+ 30. Rxd1 Qb6 31. h4 Kg7 32. h5 Ne7 33. Qd2 Nf5 34. g4 Nd4 35. h6+ Kf8 36. Qxd4 Qxd4 37. Rxd4 Rxc2 38. Rd7 Re2 39. Rxb7 Rxe5 40. Kg2 Ra5 41. Rb8+ Ke7 42. Rh8 Kf6 43. Rxh7 Kg5 44. Kg3 e5 45. Rh8 Ra3 46. h7 Kh6 47. g5+ Kg7 48. Rf8 Rxb3+ 49. f3 Kxh7 50. Rxf7+ Kg8 51. Re7 Rc3 52. Rxe5 Rxc4 53. Ra5 Rc1 54. Rxa7 c5 55. Rc7 c4 1/2-1/2

[Event "Moia op 1st"]
[Site "Moia"]
[Date "2013.05.26"]
[Round "2"]
[White "Ferrer Fargas, Jordi"]
[Black "Rodriguez Lloret, Ricard"]
[Result "1-0"]
[WhiteElo "1749"]
[BlackElo "1700"]
[PlyCount "45"]
[EventDate "2013.05.19"]
[EventType "swiss"]
[EventRounds "8"]
[EventCountry "ESP"]
[SourceTitle "EXT 2014"]
[Source "ChessBase"]
[SourceDate "2013.11.20"]
[SourceVersion "1"]
[SourceVersionDate "2013.11.20"]
[SourceQuality "1"]

1. e4 e5 2. d4 Nc6 3. d5 Nce7 4. Nf3 f6 5. c4 d6 6. Nc3 a6 7. Be2 Qd7 8. Be3 f5 9. Ng5 Qd8 10. f4 Ng6 11. Bh5 N8e7 12. fxe5 h6 13. Nf3 fxe4 14. Nxe4 Bf5 15. Ng3 Qd7 16. e6 Qd8 17. Nxf5 Nxf5 18. Bxg6+ Ke7 19. Bxf5 g6 20. Bxg6 Bg7 21. 0-0 Qf8 22. Ng5 Qg8 23. Rf7+ 1-0

[Event "Roncana op 6th"]
[Site "Santa Eulalia de Roncana"]
[Date "2012.11.03"]
[Round "4"]
[White "Ferrer Fargas, Jordi"]
[Black "Rodriguez Sorribes, Josep Antoni"]
[Result "1-0"]
[WhiteElo "1751"]
[BlackElo "1597"]
[PlyCount "65"]
[EventDate "2012.10.06"]
[EventType "swiss"]
[EventRounds "8"]
[EventCountry "ESP"]
[SourceTitle "EXT 2014"]
[Source "ChessBase"]
[SourceDate "2013.11.20"]
[SourceVersion "1"]
[SourceVersionDate "2013.11.20"]
[SourceQuality "1"]

1. e4 c6 2. d4 d5 3. e5 e6 4. Nf3 Qc7 5. Bd3 c5 6. c3 Be7 7. 0-0 Nd7 8. Ne1 cxd4 9. cxd4 Nb6 10. b3 Bb4 11. a3 Bxe1 12. Rxe1 Ne7 13. Qg4 Ng6 14. h4 h5 15. Qg3 a5 16. a4 Qe7 17. Ba3 Qxh4 18. Bxg6 Qxg3 19. Bxf7+ Kxf7 20. fxg3 h4 21. g4 Bd7 22. Re3 Kg6 23. Bc5 Nc8 24. Kh2 b6 25. Ba3 Na7 26. Nc3 Rae8 27. Kh3 Nc6 28. Ne2 Kg5 29. Rf3 Nb4 30. Rf7 Bc6 31. Rxg7+ Kh6 32. Rf7 Rhg8 33. Bc1+ 1-0

[Event "Roncana op 6th"]
[Site "Santa Eulalia de Roncana"]
[Date "2012.10.06"]
[Round "1"]
[White "Ferrer Fargas, Jordi"]
[Black "Cruz Estrada, Filemon"]
[Result "0-1"]
[WhiteElo "1751"]
[BlackElo "2425"]
[PlyCount "50"]
[EventDate "2012.10.06"]
[EventType "swiss"]
[EventRounds "8"]
[EventCountry "ESP"]
[SourceTitle "EXT 2014"]
[Source "ChessBase"]
[SourceDate "2013.11.20"]
[SourceVersion "1"]
[SourceVersionDate "2013.11.20"]
[SourceQuality "1"]

1. e4 c5 2. Nf3 d6 3. d4 cxd4 4. Nxd4 Nf6 5. Nc3 a6 6. Be3 e5 7. Nb3 Be7 8. f3 Be6 9. Qd2 Nbd7 10. 0-0-0 h5 11. Be2 Rc8 12. h3 h4 13. Kb1 Nb6 14. f4 Qc7 15. fxe5 dxe5 16. Bg5 Bb4 17. Bxf6 gxf6 18. Rhf1 Bxc3 19. bxc3 Qe7 20. Rf3 Na4 21. Ka1 Rg8 22. Rdf1 Qa3 23. Rb1 Rg3 24. Qh6 Rxf3 25. gxf3 Nxc3 0-1

[Event "Vall del Tenes op 1st"]
[Site "Vall del Tenes"]
[Date "2012.06.01"]
[Round "8"]
[White "Ferrer Fargas, Jordi"]
[Black "Navarro Escura, Marc"]
[Result "1-0"]
[WhiteElo "1720"]
[BlackElo "1741"]
[PlyCount "89"]
[EventDate "2012.04.13"]
[EventType "swiss"]
[EventRounds "8"]
[EventCountry "ESP"]
[SourceTitle "CBM 148 Extra"]
[Source "ChessBase"]
[SourceDate "2012.06.22"]
[SourceVersion "1"]
[SourceVersionDate "2012.06.22"]
[SourceQuality "1"]

1. e4 d5 2. exd5 Qxd5 3. Nc3 Qa5 4. d4 Nf6 5. Nf3 Bf5 6. Bc4 e6 7. Ne5 Ne4 8. Bd2 Nxd2 9. Qxd2 Bd6 10. g4 Bg6 11. f4 Bxe5 12. dxe5 Nd7 13. 0-0-0 0-0-0 14. Qe3 Qc5 15. Qe2 h5 16. h3 hxg4 17. hxg4 Rxh1 18. Rxh1 Qd4 19. Rf1 Nb6 20. Bb3 Nd5 21. Nxd5 exd5 22. f5 Bh7 23. Rd1 Qf4+ 24. Kb1 c6 25. Re1 Re8 26. c4 d4 27. c5 Re7 28. e6 fxe6 29. Bxe6+ Kc7 30. Qe5+ Qxe5 31. Rxe5 Bg8 32. Kc2 Re8 33. Kd3 Bxe6 34. fxe6 Rd8 35. Rg5 b6 36. Rxg7+ Kb8 37. Rg5 Re8 38. Re5 Kc7 39. Kxd4 Re7 40. Ke4 Kd8 41. g5 Ke8 42. g6 Kf8 43. Kf5 Kg7 44. Re4 Re8 45. e7 1-0

[Event "Vall del Tenes op 1st"]
[Site "Vall del Tenes"]
[Date "2012.05.18"]
[Round "6"]
[White "Ferrer Fargas, Jordi"]
[Black "Alonso Rodriguez, Francisco Javier"]
[Result "1-0"]
[WhiteElo "1720"]
[BlackElo "1593"]
[PlyCount "75"]
[EventDate "2012.04.13"]
[EventType "swiss"]
[EventRounds "8"]
[EventCountry "ESP"]
[SourceTitle "CBM 148 Extra"]
[Source "ChessBase"]
[SourceDate "2012.06.22"]
[SourceVersion "1"]
[SourceVersionDate "2012.06.22"]
[SourceQuality "1"]

1. e4 c5 2. Nf3 Nc6 3. d4 cxd4 4. Nxd4 g6 5. Nc3 Bg7 6. Be3 Nf6 7. Bc4 0-0 8. Bb3 a5 9. a4 d6 10. f3 Qb6 11. Nf5 Qc7 12. Nxg7 Kxg7 13. Qd2 Re8 14. h4 h5 15. 0-0-0 Ne5 16. Bh6+ Kh7 17. Bf4 Nc4 18. Qd3 Be6 19. Nd5 Bxd5 20. exd5 Rec8 21. g4 hxg4 22. h5 Kg7 23. hxg6 Ne5 24. Bxe5 dxe5 25. fxg4 e4 26. Qd2 Rh8 27. gxf7 Qe5 28. g5 Nh5 29. d6 exd6 30. Qxd6 Qxg5+ 31. Kb1 Rad8 32. Rdg1 Rxd6 33. Rxg5+ Rg6 34. Rgxh5 Rxh5 35. Rxh5 Rg1+ 36. Ka2 e3 37. Re5 Rg3 38. Re8 1-0